Province del Piemonte per Popolazione - Statistics

Statistiche generali
  • Questo quiz è stato fatto 47 volte
  • Il punteggio medio è 7 su 8
Statistiche sulle risposte
Popolazione (ab.) Provincia o Città metropolitana % Corretto
2 256 142 Città metropolitana di Torino
100%
421 284 Provincia di Alessandria
97%
587 098 Provincia di Cuneo
95%
214 638 Provincia di Asti
90%
369 018 Provincia di Novara
90%
177 585 Provincia di Biella
85%
170 911 Provincia di Vercelli
82%
157 844 Provincia di Verbano-Cusio-Ossola
79%
Nessun quiz corrispondente trovato
Distribuzione punteggi
Percentuale di utenti per punteggio
Percentile per numero di risposta
I tuoi punteggi nel tempo
Non hai fatto questo quiz